[Event "Ch Club"]
[Site "masterchessopen.com Helsinki (Finland)"]
[Round "0"]
[White "Korhonen Erkki (FIN)"]
[Black "Luik Helmuth (EST)"]
[Result "1/2-1/2"]
[WhiteElo "1945"]
[BlackElo "2209"]

1.d4 Nf6 2.c4 e6 3.Nc3 Bb4 4.Qc2 d6 5.Nf3 Nbd7 6.Bg5 h6 7.Bh4 Qe7 8.e3 g5
9.Bg3 b6 10.Be2 Bb7 11.O-O Bxc3 12.Qxc3 Ne4 13.Qc2 h5 14.Bd3 f5 15.h4 g4
16.Nd2 Nxd2 17.Qxd2 O-O-O 18.b4 Nf8 19.Qc2 Kb8 20.c5 Ng6 21.Rfc1 Rh7 22.a4 a6
23.e4 f4 24.e5 fxg3 25.Bxg6 gxf2+ 26.Qxf2 Rg7 27.exd6 cxd6 28.c6 Rf8 29.Qc2
Bc8 30.Qe4 Qxh4 31.c7+ Ka7 32.a5 Qf2+ 33.Kh1 b5 34.Qc6 Qh4+ 35.Kg1 {#d}
1/2-1/2

[Event "It (b)"]
[Site "masterchessopen.com Lublin (Poland)"]
[Round "9"]
[White "Pisulinski Jan (POL)"]
[Black "Kluss Kai (GER)"]
[Result "1-0"]
[WhiteElo "2375"]
[BlackElo "2150"]

1.d4 Nf6 2.c4 e6 3.Nc3 Bb4 4.Qc2 d6 5.e3 O-O 6.Bd3 e5 7.Ne2 Qe7 8.O-O Bxc3
9.Nxc3 c6 10.Bd2 Nbd7 11.f3 Re8 12.Rae1 a6 13.a4 a5 14.Ne2 Nf8 15.Ng3 Ng6
16.Bc3 Qc7 17.f4 exf4 18.exf4 Rxe1 19.Rxe1 d5 20.f5 Nf4 21.c5 h5 22.h4 Bd7
23.Qd2 Ng4 24.Re5 Nxd3 25.Qxd3 Qd8 26.f6 Qxf6 27.Rxh5 Qf2+ 28.Kh1 g6 29.Rg5
Ne3 30.Qe2 Qf4 31.Kg1 Re8 32.Nh5 Qxh4 33.Nf6+ Kh8 34.Nxe8 Qxg5 35.Nd6 Kg8
36.Bd2 Qg4 37.Qxe3 Qd1+ 38.Qe1 Qc2 39.Bc3 Be6 {#r} 1-0

[Event "It (open)"]
[Site "masterchessopen.com Nis (Yugoslavia)"]
[Round "0"]
[White "Drasko Milan (MNE)"]
[Black "Mijailovic Zoran (SRB)"]
[Result "1-0"]
[WhiteElo "2475"]
[BlackElo "2414"]

1.d4 Nf6 2.c4 e6 3.Nc3 Bb4 4.Qc2 d6 5.Bg5 Nbd7 6.e3 b6 7.Ne2 Bb7 8.a3 Bxc3+
9.Nxc3 O-O 10.f3 Qe7 11.Be2 c5 12.dxc5 bxc5 13.O-O h6 14.Bh4 Ne5 15.Rfd1 Rfd8
16.Rd2 d5 17.cxd5 exd5 18.Rad1 Ng6 19.Bf2 Rac8 20.Qa4 a6 21.Qa5 Ne5 22.Na4 Re8
23.Rc1 c4 24.Qb6 Bc6 25.Nc3 Ned7 26.Qa7 Nc5 27.Qxe7 Rxe7 28.Rcd1 Na4 29.Nxa4
Bxa4 30.Rc1 Rb8 31.Bg3 Rbe8 32.e4 dxe4 33.Bxc4 Bb5 34.Bxb5 axb5 35.Rc5 exf3
36.gxf3 Rb7 37.Kf2 b4 38.a4 b3 39.Rb5 Ra7 40.Rd4 Rea8 41.Rb8+ Kh7 42.Rxa8 Rxa8
43.Ke2 Rc8 44.a5 Rc2+ 45.Rd2 Rc5 46.a6 Ra5 47.Rd6 Nd5 48.Be1 Nf4+ 49.Kd2 Ne6
50.Bf2 Ra2 51.Kc3 Nc7 52.Kxb3 Rxa6 53.Rxa6 Nxa6 54.Kc4 Nc7 55.b4 g5 56.Bg3 Ne6
57.b5 Kg6 58.b6 Nd8 59.Kd5 Kf5 60.Bc7 Nb7 61.Bd6 h5 62.Be7 g4 63.fxg4+ hxg4
64.Kc6 Na5+ 65.Kb5 {#r} 1-0

[Event "Ch Europe (juniors)"]
[Site "masterchessopen.com Vejle (Denmark)"]
[Round "0"]
[White "Babula Vlastimil (CZE)"]
[Black "Kiriakov Petr (RUS)"]
[Result "0-1"]
[WhiteElo "2395"]
[BlackElo "2538"]

1.d4 e6 2.c4 Nf6 3.Nc3 Bb4 4.Qc2 d6 5.a3 Bxc3+ 6.Qxc3 Nbd7 7.Bg5 b6 8.f3 h6
9.Bh4 Bb7 10.e3 Rc8 11.Bd3 c5 12.Qd2 cxd4 13.exd4 O-O 14.Ne2 d5 15.cxd5 Bxd5
16.Ba6 Ra8 17.Nc3 Bc6 18.O-O Qe7 19.Qe2 Qd6 20.Rfd1 Nd5 21.Rac1 Nxc3 22.Rxc3
Nb8 23.Bg3 Qd7 24.Bc4 Rd8 25.Be5 Bd5 26.Rdc1 Bxc4 27.Rxc4 Qe8 28.Rc7 Nd7
29.Qa6 Nxe5 30.dxe5 Rd7 31.h3 Qd8 32.Qb7 Rxc7 33.Rxc7 Qd4+ 34.Kh1 Rf8 35.Qxa7
Qxb2 36.f4 Qd4 37.Rb7 Qxf4 38.Qxb6 Qc1+ 39.Kh2 Qxa3 40.Rb8 Rxb8 41.Qxb8+ Qf8
42.Qc7 Qa8 43.h4 Qe4 44.Kh3 Qf5+ 45.Kh2 Kh7 46.Qc3 Qf4+ 47.Kh3 h5 48.g3 Qf1+
49.Kh2 Qe2+ 50.Kg1 Kg6 51.Qc7 Qb2 52.Kf1 Qh2 53.Qc3 Qh1+ 54.Kf2 Kf5 55.Qb4 Qe4
56.Qf8 Kg4 57.Qxg7+ Qg6 {#R} 0-1

[Event "Staatsliga B South 1993/94"]
[Site "masterchessopen.com Austria"]
[Round "0"]
[White "Tabernig Bernhard (AUT)"]
[Black "Grillitsch Karl (AUT)"]
[Result "1-0"]
[WhiteElo "2317"]
[BlackElo "2257"]

1.d4 Nf6 2.c4 e6 3.Nc3 Bb4 4.Qc2 d6 5.a3 Bxc3+ 6.Qxc3 Nbd7 7.Nf3 b6 8.g3 Bb7
9.Bg2 O-O 10.O-O c5 11.b4 Qe7 12.Bb2 Rac8 13.dxc5 bxc5 14.b5 Nb6 15.e3 Na4
16.Qb3 Nxb2 17.Qxb2 Be4 18.Nd2 Bxg2 19.Kxg2 d5 20.a4 Rfd8 21.Rac1 h5 22.Nb3
dxc4 23.Rxc4 Qb7+ 24.Kg1 Nd7 25.Na5 Qd5 26.e4 Qd3 27.e5 Qd5 28.Re1 Nb6 29.Rce4
Rd7 30.Qe2 g6 31.Nc6 c4 32.Qe3 Nxa4 33.Rd4 {#r} 1-0

[Event "It (cat.13) \"]
[Site "masterchessopen.com Brno (Czech Republic)"]
[Round "0"]
[White "Babula Vlastimil (CZE)"]
[Black "Hracek Zbynek (CZE)"]
[Result "1/2-1/2"]
[WhiteElo "2515"]
[BlackElo "2530"]

1.d4 Nf6 2.c4 e6 3.Nc3 Bb4 4.Qc2 d6 5.Bg5 Nbd7 6.e3 c5 7.Bd3 Qa5 8.Nf3 Bxc3+
9.bxc3 Qc7 10.O-O h6 11.Bh4 b6 12.Nd2 Bb7 13.f4 O-O 14.Nf3 d5 15.cxd5 Bxd5
16.c4 Bb7 17.f5 Bxf3 {#d} 1/2-1/2

[Event "Olympiad"]
[Site "masterchessopen.com Moscow (Russia)"]
[Round "5"]
[White "Lima Darcy (BRA)"]
[Black "Hracek Zbynek (CZE)"]
[Result "0-1"]
[WhiteElo "2475"]
[BlackElo "2530"]

1.d4 Nf6 2.c4 e6 3.Nc3 Bb4 4.Qc2 d6 5.Bg5 Nbd7 6.e3 c5 7.Bd3 Qa5 8.Ne2 cxd4
9.Bxf6 Nxf6 10.Nxd4 d5 11.cxd5 Nxd5 12.O-O Nxc3 13.bxc3 Bd6 14.Rab1 Qc7 15.f4
g6 16.Be4 O-O 17.Rf3 Rb8 18.h4 b5 19.h5 f5 20.Bd3 Bb7 21.Rg3 Bxf4 22.exf4 Qxf4
23.Qf2 Qxf2+ 24.Kxf2 Kf7 25.hxg6+ hxg6 26.Rxb5 Bd5 27.Re3 Kf6 28.a4 Rbc8
29.Ra5 Rxc3 30.Rxa7 f4 31.Rh3 Rb8 {#R} 0-1

[Event "It (cat.15) \"]
[Site "masterchessopen.com Pardubice (Czech Republic)"]
[Round "0"]
[White "Georgiev Kiril (MKD)"]
[Black "Hracek Zbynek (CZE)"]
[Result "1/2-1/2"]
[WhiteElo "2615"]
[BlackElo "2530"]

1.d4 Nf6 2.c4 e6 3.Nc3 Bb4 4.Qc2 d6 5.Nf3 O-O 6.Bg5 Nbd7 7.e3 h6 8.Bh4 b6
9.Nd2 e5 10.dxe5 Bxc3 11.Qxc3 Nxe5 12.Be2 Bb7 13.f3 Re8 14.Bg3 Qe7 15.O-O c5
16.Rfe1 d5 17.Rad1 Rad8 18.Bf1 dxc4 19.Nxc4 Nxc4 20.Bxc4 Rxd1 21.Rxd1 Qxe3+
22.Qxe3 Rxe3 23.Bb8 Re7 24.Rd8+ Re8 25.Rxe8+ Nxe8 26.Bxa7 Nd6 27.Bd3 Nc8
28.Bb8 Kf8 29.Kf2 Ke7 30.Ke3 Bd5 31.b3 Ke6 32.Kd2 g5 33.Ba6 Kd7 34.Be5 Nd6
35.Bd3 Ke6 36.Bg7 h5 37.Bb2 Nf5 38.Ke2 Nh4 39.Kf2 Nf5 40.Ba6 Nd6 41.Be2 h4
42.Bd1 Nf5 43.Bc1 f6 44.Bb2 Nd6 45.Ke3 Nf5+ 46.Kd3 Bb7 47.Kd2 Bd5 48.Be2 Nd6
49.Bc3 Nf7 50.Kd3 Nd6 51.Be1 Nf5 52.Bf2 Ke5 53.Kc3 Nd6 54.a4 Nb7 55.g3 h3
56.Be3 Nd6 57.b4 Nf5 58.Bf2 cxb4+ 59.Kxb4 Nd4 60.f4+ gxf4 61.gxf4+ Ke4 62.Bg4
Bc6 63.a5 bxa5+ 64.Kc5 Nf3 65.Kxc6 Nxh2 66.Bxh3 Kxf4 67.Bb6 Ng4 68.Bxa5 f5
69.Bc7+ Kf3 70.Kd5 Ne3+ 71.Kd4 Nc2+ 72.Kd3 Ne3 73.Kd2 Nc4+ 74.Ke1 Ne3 75.Bb8
Nc2+ 76.Kd2 Ne3 77.Kd3 Kf2 78.Bf4 Ng4 79.Bc7 Ne3 80.Kd4 Kf3 81.Bb8 Kf2 82.Bf4
Ng4 83.Kc3 Kf3 84.Bc7 Ne3 85.Bb8 Kf2 86.Kd2 Nf1+ 87.Kd3 Ne3 88.Bf4 Ng4 89.Kd2
Kf3 90.Bb8 Ne3 91.Ke1 Ng2+ 92.Kf1 Ne3+ 93.Kg1 Ke2 94.Kh2 Kf3 95.Ba7 Ng4+
96.Kg1 Ne3 97.Bb8 Ke2 98.Kh1 Kf3 99.Bh2 Ke2 100.Bg1 Kf3 101.Bh2 Ke2 102.Bf4
Kf3 103.Bxe3 {#d} 1/2-1/2

[Event "Ch World (juniors) (under 14)"]
[Site "masterchessopen.com Szeged (Hungary)"]
[Round "0"]
[White "Zitin Yuri (EST)"]
[Black "Kanatov Askar (KAZ)"]
[Result "1-0"]
[WhiteElo "2461"]
[BlackElo "2419"]

1.d4 Nf6 2.c4 e6 3.Nc3 Bb4 4.Qc2 d6 5.Bg5 h6 6.Bh4 Nbd7 7.a3 Bxc3+ 8.Qxc3 b6
9.e3 Bb7 10.f3 c5 11.dxc5 dxc5 12.Nh3 Qc7 13.Be2 O-O 14.O-O Rad8 15.Rad1 Qe5
16.Qxe5 Nxe5 17.Bxf6 gxf6 18.Nf4 a5 19.Nh5 f5 20.f4 Ng4 21.Bxg4 fxg4 22.Nf6+
Kg7 23.Nxg4 Ba6 24.Ne5 f6 25.Nd7 Rf7 26.Nxb6 Rb8 27.Rd6 Rfb7 28.Na4 Bxc4
29.Rc1 Bd5 30.Rxc5 Rb5 31.Rxb5 Rxb5 32.Nc3 Rxb2 33.Nxd5 exd5 34.Rxd5 Re2
35.Rxa5 Rxe3 36.Kf2 Rb3 37.h4 {#r} 1-0

[Event "Staatsliga 1994/95"]
[Site "masterchessopen.com Austria"]
[Round "0"]
[White "Pils Walter (AUT)"]
[Black "Grillitsch Karl (AUT)"]
[Result "1/2-1/2"]
[WhiteElo "2345"]
[BlackElo "2257"]

1.d4 Nf6 2.c4 e6 3.Nc3 Bb4 4.Qc2 d6 5.Bg5 Nbd7 6.e3 h6 7.Bh4 b6 8.Ne2 Bb7 9.a3
Bxc3+ 10.Nxc3 O-O 11.f3 Re8 12.Be2 Nf8 13.O-O-O Ng6 14.Bf2 e5 15.d5 Nd7 16.h4
a5 17.g4 Ngf8 18.Kb1 Bc8 19.h5 Nc5 20.Rhg1 Bd7 21.Rdf1 c6 22.dxc6 Bxc6 23.Rd1
Nfe6 24.Qd2 Qf6 {#d} 1/2-1/2

[Event "It"]
[Site "masterchessopen.com Azov (Russia)"]
[Round "2"]
[White "Iskusnyh Sergei (RUS)"]
[Black "Zambrano Canales Luis (MEX)"]
[Result "1-0"]
[WhiteElo "2430"]
[BlackElo "2155"]

1.d4 Nf6 2.c4 e6 3.Nc3 Bb4 4.Qc2 d6 5.Nf3 O-O 6.Bg5 Nbd7 7.e3 b6 8.Bd3 h6
9.Bh4 Bb7 10.O-O-O Bxc3 11.Qxc3 Qe8 12.Nd2 e5 13.f3 b5 14.Bxf6 Nxf6 15.dxe5
dxe5 16.e4 a6 17.Nb3 Qe7 18.c5 Bc8 19.Na5 Be6 20.a3 Nd7 21.b4 f6 22.Rd2 Rae8
23.Rhd1 Qf7 24.Bc2 Kh8 25.g4 Nb8 26.c6 Qe7 27.Nb7 Bc4 28.Na5 Qe6 29.Bd3 Nxc6
30.Bxc4 bxc4 31.Nxc6 Qxc6 32.Rd5 Qa4 33.Kb2 Re6 34.Qxc4 Rc6 35.Qb3 Qxb3+
36.Kxb3 Kh7 37.Kb2 Kg8 38.h4 h5 39.Rg1 {#r} 1-0

[Event "Ch Brazil"]
[Site "masterchessopen.com Brazil"]
[Round "7"]
[White "Lima Darcy (BRA)"]
[Black "Cukier Marcelo (BRA)"]
[Result "1-0"]
[WhiteElo "2475"]
[BlackElo "2150"]

1.d4 Nf6 2.c4 e6 3.Nc3 Bb4 4.Qc2 d6 5.a3 Bxc3+ 6.Qxc3 Nbd7 7.f3 e5 8.d5 a5
9.e4 O-O 10.Be3 b6 11.b4 Nh5 12.g3 g6 13.Bg2 f5 14.Ne2 fxe4 15.fxe4 Qe7 16.Rf1
Ndf6 17.Bh6 Rf7 18.h3 Bd7 19.b5 Ng7 20.O-O-O Raf8 21.Qe3 Bc8 22.Nc3 Nd7 23.Na4
Rxf1 24.Rxf1 Rxf1+ 25.Bxf1 Qf7 26.Be2 Nf6 27.g4 Nge8 28.Nb2 Kh8 29.Kd2 Ng8
30.Bg5 Kg7 31.c5 h6 32.Bh4 dxc5 33.Nc4 Qf4 34.Bg3 Qxe3+ 35.Kxe3 Ngf6 36.Bxe5
Kf7 37.a4 Ke7 38.Bf3 Nd6 39.Bxd6+ cxd6 40.Nxb6 {#r} 1-0

[Event "Tournament \"]
[Site "masterchessopen.com England"]
[Round "0"]
[White "Whiteley Andrew J (ENG)"]
[Black "Franklin Michael J (ENG)"]
[Result "1-0"]
[WhiteElo "2375"]
[BlackElo "2260"]

1.d4 Nf6 2.c4 e6 3.Nc3 Bb4 4.Qc2 d6 5.Bg5 Nbd7 6.e3 h6 7.Bh4 b6 8.Ne2 Bb7 9.a3
Bxc3+ 10.Nxc3 Qe7 11.O-O-O O-O-O 12.f3 Kb8 13.e4 g5 14.Bf2 c5 15.e5 dxe5
16.dxe5 Nh5 17.Qe2 Nf4 18.Qe3 Ng6 19.Bg3 Nh4 20.Bxh4 gxh4 21.f4 Ka8 22.Ne4 f6
23.Nd6 fxe5 24.Nxb7 Kxb7 25.Be2 a5 26.Qe4+ Ka7 27.Bf3 Rb8 28.Qc6 Rhd8 29.Qc7+
{#r} 1-0

[Event "It (open)"]
[Site "masterchessopen.com Gyongyos (Hungary)"]
[Round "0"]
[White "Kaposztas Miklos (HUN)"]
[Black "Vereb Andras (HUN)"]
[Result "1-0"]
[WhiteElo "2335"]
[BlackElo "1925"]

1.d4 Nf6 2.c4 e6 3.Nc3 Bb4 4.Qc2 d6 5.Nf3 Nbd7 6.Bg5 O-O 7.e3 h6 8.Bh4 Qe7
9.Be2 c6 10.O-O Bxc3 11.Qxc3 g5 12.Bg3 Ne4 13.Qc2 Nxg3 14.fxg3 f5 15.b4 Nf6
16.c5 Nd5 17.Qb3 Bd7 18.cxd6 Qxd6 19.Ne5 Rf6 20.Bc4 Raf8 21.Rf2 Be8 22.a3 Kg7
23.Qd3 Bg6 24.Qb3 a6 25.Bxd5 exd5 26.Raf1 Qe6 27.Qc3 Qd6 28.Qc5 h5 29.Rc1 Be8
30.h3 Bg6 31.Qa7 Qc7 32.Rfc2 Rc8 33.Rc5 Rd6 34.a4 Qb8 35.Qxb8 Rxb8 36.b5 Be8
37.bxc6 bxc6 38.Nxc6 Rc8 39.Ne7 Rxc5 40.dxc5 Re6 41.Nxf5+ Kg6 42.g4 Bxa4 43.c6
hxg4 44.hxg4 Kf6 45.c7 Bd7 46.c8=Q Bxc8 47.Rxc8 {#r} 1-0

[Event "It (open)"]
[Site "masterchessopen.com Helsinki (Finland)"]
[Round "0"]
[White "Yrjola Jouni (FIN)"]
[Black "Karner Hillar (EST)"]
[Result "1/2-1/2"]
[WhiteElo "2430"]
[BlackElo "2320"]

1.d4 Nf6 2.c4 e6 3.Nc3 Bb4 4.Qc2 d6 5.Bg5 h6 6.Bh4 c5 7.e3 Nc6 8.d5 g5 9.Bxg5
hxg5 10.dxc6 bxc6 11.O-O-O Bxc3 12.Qxc3 e5 13.Bd3 Bg4 14.f3 Be6 15.Ne2 Qb6
16.Bc2 O-O 17.f4 gxf4 18.exf4 Qb4 19.fxe5 Qxc3 20.Nxc3 dxe5 21.Rde1 Nd7 22.b3
{#d} 1/2-1/2

[Event "It"]
[Site "masterchessopen.com Strumica (Macedonia)"]
[Round "0"]
[White "Azmaiparashvili Zurab (GEO)"]
[Black "Kurajica Bojan (CRO)"]
[Result "1-0"]
[WhiteElo "2620"]
[BlackElo "2595"]

1.d4 Nf6 2.c4 e6 3.Nc3 Bb4 4.Qc2 d6 5.Bg5 Nbd7 6.e3 c5 7.Bd3 Qa5 8.Ne2 cxd4
9.Bxf6 Nxf6 10.exd4 Bd7 11.O-O Rc8 12.a3 Bxc3 13.Nxc3 Qb6 14.Rad1 O-O 15.b4
Kh8 16.c5 Qc7 17.Ne4 Ne8 18.Qe2 b6 19.Rc1 Qb8 20.Ng5 g6 21.Ba6 Rc7 22.Rc3 Qd8
23.f4 Qf6 24.Rh3 Qxd4+ 25.Kh1 h5 26.Rd3 Qg7 27.cxd6 Rc3 28.Rxc3 Qxc3 29.Qe5+
Qxe5 30.fxe5 f6 31.Bc4 Ng7 32.exf6 Nf5 33.Bxe6 Rxf6 34.Bxd7 Ng3+ 35.hxg3 Rxf1+
36.Kh2 Kg7 37.Ba4 Kf6 38.d7 Ke7 39.Ne6 {#r} 1-0

[Event "It"]
[Site "masterchessopen.com Strumica (Macedonia)"]
[Round "0"]
[White "Kurajica Bojan (CRO)"]
[Black "Rashkovsky Nukhim N (RUS)"]
[Result "1/2-1/2"]
[WhiteElo "2595"]
[BlackElo "2560"]

1.d4 Nf6 2.c4 e6 3.Nc3 Bb4 4.Qc2 d6 5.a3 Bxc3+ 6.Qxc3 Nbd7 7.Bg5 Qe7 8.Nf3 h6
9.Bh4 b6 10.e3 Bb7 11.Be2 g5 12.Bg3 Ne4 13.Qc2 f5 14.O-O-O O-O-O 15.d5 e5 {#d}
1/2-1/2

[Event "It (2)"]
[Site "masterchessopen.com Tel Aviv (Israel)"]
[Round "0"]
[White "Bykhovsky Avigdor (RUS)"]
[Black "Fauland Alexander (AUT)"]
[Result "1/2-1/2"]
[WhiteElo "2400"]
[BlackElo "2430"]

1.d4 Nf6 2.c4 e6 3.Nc3 Bb4 4.Qc2 d6 5.Bd2 O-O 6.a3 Bxc3 7.Bxc3 Qe7 8.Nf3 Nbd7
9.e4 e5 10.d5 Nc5 11.Nd2 Bd7 12.Be2 Ne8 13.b4 Na4 14.O-O f5 15.exf5 Rxf5
16.Bg4 Rf4 17.Bxd7 Qxd7 18.g3 Rf5 19.Rae1 Nxc3 20.Qxc3 Nf6 21.f3 Rf8 22.Ne4
Qf7 23.Nxf6+ Rxf6 24.Kg2 h5 25.Re4 Qg6 26.Qe3 Rf4 27.h4 b6 28.Rf2 R4f5 29.b5
R8f7 30.Rf1 Qf6 31.f4 Qg6 32.Kh2 R5f6 33.Kg2 Qg4 34.Kh2 exf4 35.Rfxf4 Rxf4
36.Rxf4 Rxf4 37.Qxf4 Qxf4 38.gxf4 Kf7 39.Kg3 Kf6 40.Kf2 Kf5 {#d} 1/2-1/2

[Event "It (2)"]
[Site "masterchessopen.com Tel Aviv (Israel)"]
[Round "0"]
[White "Lev Ronen (ISR)"]
[Black "Fauland Alexander (AUT)"]
[Result "1-0"]
[WhiteElo "2455"]
[BlackElo "2430"]

1.d4 Nf6 2.c4 e6 3.Nc3 Bb4 4.Qc2 d6 5.Bd2 O-O 6.a3 Bxc3 7.Bxc3 Qe7 8.Nf3 Nbd7
9.e3 b6 10.Nd2 Bb7 11.f3 d5 12.b4 e5 13.c5 e4 14.c6 Bxc6 15.b5 exf3 16.bxc6
Qxe3+ 17.Kd1 Ng4 18.Kc1 Nc5 19.dxc5 d4 20.Bb4 a5 21.Qe4 axb4 22.Qxe3 Nxe3
23.gxf3 bxc5 24.a4 Rfd8 25.Bd3 Rd6 26.Kb2 Ra7 27.Nc4 Nxc4+ 28.Bxc4 Rxc6
29.Rhe1 Kf8 30.Bb5 Re6 31.Rac1 Ke7 32.Rxe6+ fxe6 33.Rxc5 Kd6 34.Rc6+ Kd5
35.Kb3 {#r} 1-0

[Event "It (cat.11)"]
[Site "masterchessopen.com Vinkovci (Croatia)"]
[Round "9"]
[White "Ftacnik Lubomir (SVK)"]
[Black "Kurajica Bojan (CRO)"]
[Result "1/2-1/2"]
[WhiteElo "2580"]
[BlackElo "2595"]

1.d4 Nf6 2.c4 e6 3.Nc3 Bb4 4.Qc2 d6 5.a3 Bxc3+ 6.Qxc3 Nbd7 7.Nf3 c5 8.g3 b6
9.Bg2 Bb7 10.O-O Rc8 11.b3 O-O 12.Bb2 cxd4 13.Qxd4 Nc5 14.Qe3 e5 15.Bh3 Rc7
16.Rad1 Bc8 17.Bxc8 Qxc8 18.Rxd6 Ng4 19.Qc1 Nxb3 20.Qd1 Na5 21.Nxe5 Nxe5
22.Bxe5 Nxc4 23.Rd5 Nxe5 24.Rxe5 Rd8 25.Rd5 Rxd5 26.Qxd5 Rc5 27.Qd6 h5 28.Rd1
Rc1 29.Rxc1 Qxc1+ 30.Kg2 Qc4 31.Qb8+ Kh7 32.Qxa7 Qe4+ 33.Kg1 Qb1+ 34.Kg2 {#d}
1/2-1/2

[Event "It (open)"]
[Site "masterchessopen.com Bern (Switzerland)"]
[Round "4"]
[White "Toth Bela (ITA)"]
[Black "Zuelle Bruno (SUI)"]
[Result "1-0"]
[WhiteElo "2395"]
[BlackElo "2078"]

1.d4 Nf6 2.c4 e6 3.Nc3 Bb4 4.Qc2 d6 5.Nf3 Nbd7 6.Bd2 b6 7.e4 Bb7 8.Bd3 Qe7
9.e5 dxe5 10.dxe5 Ng4 11.Be4 c6 12.a3 Bc5 13.b4 Bxf2+ 14.Ke2 Ndxe5 15.Nxe5
Nxe5 16.Kxf2 Nxc4 17.Rhd1 Rd8 18.Be1 Qf6+ 19.Kg1 Ne3 20.Rxd8+ Kxd8 21.Qd3+ Nd5
22.Rc1 Ke7 23.b5 c5 24.Nxd5+ Bxd5 25.Bxd5 Rd8 26.Qxh7 Rxd5 27.Qc2 Qd4+ 28.Bf2
Qd3 29.Qa4 Rd7 30.h3 f6 31.Qg4 Kf7 32.a4 Rd5 33.Re1 e5 34.Qc8 Rd8 35.Qa6 Rd7
36.a5 Qd6 37.axb6 axb6 38.Ra1 Qb8 39.Qa2+ Ke7 40.Qc4 Rd6 41.Qe4 Rd8 42.Ra6 Kf7
43.Kh2 Rd7 44.Qc4+ Ke7 45.Qg4 Kd6 46.Bxc5+ {#r} 1-0

[Event "It (cat.8)"]
[Site "masterchessopen.com Budapest (Hungary)"]
[Round "0"]
[White "Kumaran Dharshan (ENG)"]
[Black "Haub Thorsten-Michael (GER)"]
[Result "1/2-1/2"]
[WhiteElo "2495"]
[BlackElo "2310"]

1.d4 e6 2.c4 Nf6 3.Nc3 Bb4 4.Qc2 d6 5.Nf3 O-O 6.Bg5 Nbd7 7.e3 b6 8.Bd3 h6
9.Bh4 Bb7 10.O-O-O Bxc3 11.Qxc3 Qe8 12.Nd2 e5 13.Bf5 a6 14.f4 e4 15.Qc2 b5
16.c5 Bc6 17.cxd6 cxd6 18.Kb1 Bd5 19.Rc1 g6 20.Bxd7 Nxd7 21.g4 f5 22.Rhg1 fxg4
23.Rxg4 Kh7 24.Rcg1 Rg8 25.Nb3 {#d} 1/2-1/2

[Event "Czech League 1995/96 (2nd) (c)"]
[Site "masterchessopen.com Czech Republic"]
[Round "5"]
[White "Bazant Petr (CZE)"]
[Black "Polak Tomas (CZE)"]
[Result "1/2-1/2"]
[WhiteElo "2295"]
[BlackElo "2445"]

1.d4 Nf6 2.c4 e6 3.Nc3 Bb4 4.Qc2 d6 5.g3 O-O 6.Bg2 Nbd7 7.Nf3 a5 8.O-O Re8
9.Na4 d5 10.c5 b5 11.a3 bxa4 12.axb4 axb4 13.Rxa4 Rb8 14.Bf4 Nh5 15.Bd2 b3
16.Qc1 e5 17.dxe5 Nxe5 18.Bc3 Ng6 19.Nd4 Qd7 20.Ra7 Nf6 21.Ba5 Qg4 22.e3 Qh5
23.Bxc7 Rb4 24.Qd1 Qh6 25.Ra8 Bh3 26.Rxe8+ Nxe8 27.Bd6 Bxg2 28.Kxg2 Qg5 29.Nf3
Qf5 30.Qb1 Qf6 31.Qa1 Nxd6 32.Qa8+ Nf8 33.cxd6 Qxd6 34.Rd1 Rb5 35.e4 Qf6 36.e5
Qg6 37.Rxd5 Rxd5 38.Qxd5 Qe6 39.Qxe6 Nxe6 40.Kf1 Nc5 41.Ke2 Na4 42.Nd2 Nxb2
43.Nxb3 Kf8 44.f4 Ke7 45.Nd4 h5 46.Kf3 Nc4 47.Nf5+ Kf8 48.Nd6 Nd2+ 49.Ke2 Nb3
50.Ke3 g6 51.f5 gxf5 52.Nxf5 Nc5 53.Kd4 Ne6+ 54.Kd5 Nc7+ 55.Ke4 Ne6 56.Nd4
Nc5+ 57.Kf5 h4 58.g4 Nd3 59.Nf3 h3 60.Ng1 Nf2 61.Ne2 Ke7 62.Nf4 Kd7 63.Kg5 Kc6
64.Kh4 Kc5 65.e6 fxe6 66.Nxe6+ Kd5 67.Ng5 Ke5 68.Nxh3 Ne4 69.Ng5 Nd2 70.Kg3
Nf1+ 71.Kg2 Nxh2 72.Kxh2 Kf4 73.Kh3 Kxg5 74.Kg3 Kg6 75.Kf4 Kf6 76.g5+ Kg6
77.Kg4 Kg7 78.Kf4 Kf7 79.Kg4 Kg7 80.Kf5 Kf7 {#d} 1/2-1/2

[Event "Bayern Regionalliga Northeast"]
[Site "masterchessopen.com Germany"]
[Round "3"]
[White "Franz Gerhard (GER)"]
[Black "Heumann Joern (GER)"]
[Result "0-1"]
[WhiteElo "2100"]
[BlackElo "2124"]

1.d4 Nf6 2.c4 e6 3.Nc3 Bb4 4.Qc2 d6 5.Nf3 O-O 6.Bg5 Nbd7 7.e3 b6 8.Bd3 h6
9.Bh4 Bb7 10.O-O-O Bxc3 11.Qxc3 c5 12.Kb1 Rc8 13.Qd2 Qc7 14.Rc1 Rfe8 15.Bg3
Ne4 16.Bxe4 Bxe4+ 17.Ka1 Qc6 18.Ne1 cxd4 19.exd4 b5 20.f3 Bh7 21.b3 bxc4
22.Rxc4 Qd5 23.Nc2 Rxc4 24.bxc4 Qxc4 25.Ne3 Qc6 26.Rc1 Rb8 27.Nd1 Qb6 28.Nb2
Bg6 29.Rc3 Qa6 30.h4 Nf6 31.Qc1 Rb6 32.Nc4 Rb1+ 33.Qxb1 Bxb1 34.Kxb1 Nd5
35.Rc1 Nb4 36.a3 Nd3 37.Rc3 d5 38.Ne5 Nxe5 39.Bxe5 Qf1+ 40.Kb2 Qxg2+ 41.Kb3
Qe2 42.Rc8+ Kh7 43.Rc7 Qxf3+ 44.Kb4 a6 45.a4 g5 46.hxg5 hxg5 47.Ka5 g4 48.Kxa6
g3 49.a5 g2 50.Bh2 Qd3+ 51.Kb7 Qb5+ 52.Kc8 Qxa5 53.Rxf7+ Kg8 54.Rf4 Qc3+
55.Kd8 Qh3 56.Bg1 Kh7 57.Ke7 Kg6 58.Rf6+ Kg5 59.Rxe6 Qa3+ 60.Kf7 Kf4 61.Re5
Qc1 62.Bh2+ Kg4 63.Kg6 Qh1 64.Rg5+ Kf3 65.Rf5+ Ke4 66.Rf4+ Ke3 {#R} 0-1

[Event "Bundesliga (2nd) East 1995/96"]
[Site "masterchessopen.com Germany"]
[Round "0"]
[White "Schaeffner Claus (GER)"]
[Black "Brueggemann Joachim (GER)"]
[Result "1-0"]
[WhiteElo "2165"]
[BlackElo "2285"]

1.d4 Nf6 2.c4 e6 3.Nc3 Bb4 4.Qc2 d6 5.a3 Bxc3+ 6.Qxc3 Nbd7 7.g3 O-O 8.Bg2 e5
9.Nf3 Re8 10.O-O e4 11.Ng5 h6 12.Nh3 c6 13.f3 Nb6 14.a4 Be6 15.a5 Nbd7 16.Nf2
exf3 17.exf3 b5 18.b3 bxc4 19.bxc4 d5 20.c5 Qc8 21.Re1 Bf5 22.Bf4 Nf8 23.Nd3
Bh3 24.Bd6 Bxg2 25.Kxg2 Qa6 26.Kf2 Rxe1 27.Rxe1 Ne6 28.Nf4 Nxf4 29.Bxf4 Nh7
30.Re7 Nf8 31.Bd6 Ne6 32.h4 Qb5 33.Be5 a6 34.Qd2 Nxc5 35.g4 Nd3+ 36.Kg3 Nxe5
37.Rxe5 Rb8 38.Qe3 Kf8 39.g5 hxg5 40.hxg5 Qb1 41.Re7 Rc8 42.Ra7 Qb8+ {#r} 1-0

[Event "It"]
[Site "masterchessopen.com Goteborg (Sweden)"]
[Round "7"]
[White "Ziegler Ari (SWE)"]
[Black "Agrest Evgenij (SWE)"]
[Result "0-1"]
[WhiteElo "2460"]
[BlackElo "2475"]

1.d4 Nf6 2.c4 e6 3.Nc3 Bb4 4.Qc2 d6 5.a3 Bxc3+ 6.Qxc3 Nbd7 7.Bg5 b6 8.f3 h6
9.Bh4 Bb7 10.e3 c5 11.dxc5 Nxc5 12.Bg3 O-O 13.b4 Na4 14.Qb3 Qd7 15.Rd1 d5
16.Bd3 a5 17.Ne2 axb4 18.axb4 Rfc8 19.O-O Qe8 20.Rc1 dxc4 21.Bxc4 b5 22.Bd3
Bd5 23.Qb1 Nb6 24.Rc5 Bc4 25.Nd4 Na4 26.Bxc4 Nxc5 27.Bxb5 Ncd7 28.Bc6 Ra3
29.Nb5 Rxc6 30.Nxa3 Rc3 31.Qb2 Rxe3 32.Nc4 Rd3 33.Qc2 Rd5 34.Rd1 Qc8 35.Rxd5
Nxd5 36.Ne3 Qa6 37.Nxd5 exd5 38.Qd2 Qc4 39.h3 d4 40.Bf2 d3 41.Qb2 Ne5 42.Be3
Qd5 43.Bd2 Nc4 44.Qc3 Kf8 45.Kf2 f6 46.Kg1 Ke7 47.Kf2 Kd7 48.Kg1 Kc6 49.Kf2
Kb5 50.Kg1 Qd6 51.Kf2 g5 52.Kg1 h5 53.Kf2 h4 54.Kg1 Qb6+ 55.Kh1 Qf2 56.Qxd3
Qxd2 57.Qf5+ Kxb4 58.Qxf6 Qc1+ {#R} 0-1

[Event "It (open)"]
[Site "masterchessopen.com Haarlem (Netherlands)"]
[Round "4"]
[White "Pancras Paul"]
[Black "Vink Nico (NED)"]
[Result "0-1"]
[WhiteElo "1810"]
[BlackElo "2292"]

1.d4 Nf6 2.c4 e6 3.Nc3 Bb4 4.Qc2 d6 5.a3 Bxc3+ 6.Qxc3 b6 7.f3 Qe7 8.e4 e5
9.dxe5 dxe5 10.c5 O-O 11.Be3 Bb7 12.Bd3 Rd8 13.Rd1 Nc6 14.Ne2 Nd7 15.b4 a6
16.O-O bxc5 17.bxc5 Nf8 18.Bc4 Ne6 19.Bd5 Rab8 20.f4 Ncd4 21.Nxd4 exd4 22.Bxd4
Bxd5 23.exd5 Rxd5 24.Be3 Rbd8 25.Rxd5 Rxd5 26.Rb1 Qd8 27.g3 Rd3 28.Qc1 h6
29.Kf2 Qd5 30.Rb8+ Kh7 31.Qc2 g6 32.c6 Qe4 33.Qe2 Nd4 34.Bxd4 Qxd4+ {#R} 0-1